<?xml version="1.0" encoding="UTF-8"?>
<record
    xmlns:xsi="http://www.w3.org/2001/XMLSchema-instance"
    xsi:schemaLocation="http://www.loc.gov/MARC21/slim http://www.loc.gov/standards/marcxml/schema/MARC21slim.xsd"
    xmlns="http://www.loc.gov/MARC21/slim">

  <leader>00888nam a2200277 a 4500</leader>
  <datafield tag="999" ind1=" " ind2=" ">
    <subfield code="c">4725</subfield>
    <subfield code="d">4725</subfield>
  </datafield>
  <controlfield tag="001">20131</controlfield>
  <controlfield tag="003">BD-DhUAP</controlfield>
  <controlfield tag="005">20201117164210.0</controlfield>
  <controlfield tag="008">201117r20162008    enk           000 0 eng d</controlfield>
  <datafield tag="020" ind1=" " ind2=" ">
    <subfield code="a">8121929784</subfield>
  </datafield>
  <datafield tag="020" ind1=" " ind2=" ">
    <subfield code="a">9788121929783</subfield>
  </datafield>
  <datafield tag="040" ind1=" " ind2=" ">
    <subfield code="a">BD-DhUAP</subfield>
    <subfield code="c">BD-DhUAP</subfield>
    <subfield code="d">BD-DhUAP</subfield>
    <subfield code="b">Eng</subfield>
  </datafield>
  <datafield tag="082" ind1=" " ind2=" ">
    <subfield code="a">541.3 BAH</subfield>
    <subfield code="2">23</subfield>
  </datafield>
  <datafield tag="100" ind1=" " ind2=" ">
    <subfield code="a">Bahl, Arun.</subfield>
  </datafield>
  <datafield tag="245" ind1=" " ind2=" ">
    <subfield code="a">Essentials of physical chemistry :  </subfield>
    <subfield code="b">(a textbook for B.Sc. classes as per UGC model syllabus) /</subfield>
    <subfield code="c">Arun Bahl, B. S. Bahl and G. D. Tuli.</subfield>
  </datafield>
  <datafield tag="250" ind1=" " ind2=" ">
    <subfield code="a">rev. ed.</subfield>
  </datafield>
  <datafield tag="260" ind1=" " ind2=" ">
    <subfield code="a">New Delhi : </subfield>
    <subfield code="b">S. Chand, </subfield>
    <subfield code="c">c2008 [Reprinted 2016].</subfield>
  </datafield>
  <datafield tag="300" ind1=" " ind2=" ">
    <subfield code="a">xxii, 1262 pages :</subfield>
    <subfield code="b">illustrations ;</subfield>
    <subfield code="c">24 cm.</subfield>
  </datafield>
  <datafield tag="500" ind1=" " ind2=" ">
    <subfield code="a">Includes index.</subfield>
  </datafield>
  <datafield tag="650" ind1=" " ind2=" ">
    <subfield code="a">Chemistry, Physical and theoretical.</subfield>
  </datafield>
  <datafield tag="700" ind1=" " ind2=" ">
    <subfield code="a">Bahl, B. S.</subfield>
  </datafield>
  <datafield tag="700" ind1=" " ind2=" ">
    <subfield code="a">Tuli, G. D.</subfield>
  </datafield>
  <datafield tag="942" ind1=" " ind2=" ">
    <subfield code="2">ddc</subfield>
    <subfield code="c">BK</subfield>
  </datafield>
  <datafield tag="952" ind1=" " ind2=" ">
    <subfield code="0">0</subfield>
    <subfield code="1">0</subfield>
    <subfield code="2">ddc</subfield>
    <subfield code="4">0</subfield>
    <subfield code="7">0</subfield>
    <subfield code="a">UAPCL</subfield>
    <subfield code="b">UAPCL</subfield>
    <subfield code="c">General Stacks</subfield>
    <subfield code="d">2020-11-17</subfield>
    <subfield code="l">11</subfield>
    <subfield code="m">10</subfield>
    <subfield code="o">541.3 BAH</subfield>
    <subfield code="p">3010020131</subfield>
    <subfield code="r">2025-07-28</subfield>
    <subfield code="s">2025-07-16</subfield>
    <subfield code="t">1</subfield>
    <subfield code="w">2020-11-17</subfield>
    <subfield code="y">BK</subfield>
  </datafield>
  <datafield tag="952" ind1=" " ind2=" ">
    <subfield code="0">0</subfield>
    <subfield code="1">0</subfield>
    <subfield code="2">ddc</subfield>
    <subfield code="4">0</subfield>
    <subfield code="7">0</subfield>
    <subfield code="a">UAPCL</subfield>
    <subfield code="b">UAPCL</subfield>
    <subfield code="c">General Stacks</subfield>
    <subfield code="d">2020-11-17</subfield>
    <subfield code="l">1</subfield>
    <subfield code="o">541.3 BAH</subfield>
    <subfield code="p">3010020132</subfield>
    <subfield code="r">2023-01-22</subfield>
    <subfield code="s">2023-01-10</subfield>
    <subfield code="t">2</subfield>
    <subfield code="w">2020-11-17</subfield>
    <subfield code="y">BK</subfield>
  </datafield>
  <datafield tag="952" ind1=" " ind2=" ">
    <subfield code="0">0</subfield>
    <subfield code="1">0</subfield>
    <subfield code="2">ddc</subfield>
    <subfield code="4">0</subfield>
    <subfield code="7">0</subfield>
    <subfield code="a">UAPCL</subfield>
    <subfield code="b">UAPCL</subfield>
    <subfield code="c">General Stacks</subfield>
    <subfield code="d">2020-11-17</subfield>
    <subfield code="l">7</subfield>
    <subfield code="m">9</subfield>
    <subfield code="o">541.3 BAH</subfield>
    <subfield code="p">3010016124</subfield>
    <subfield code="r">2025-11-15</subfield>
    <subfield code="s">2025-10-27</subfield>
    <subfield code="t">3</subfield>
    <subfield code="w">2020-11-17</subfield>
    <subfield code="y">BK</subfield>
  </datafield>
  <datafield tag="952" ind1=" " ind2=" ">
    <subfield code="0">0</subfield>
    <subfield code="1">0</subfield>
    <subfield code="2">ddc</subfield>
    <subfield code="4">0</subfield>
    <subfield code="7">0</subfield>
    <subfield code="a">UAPCL</subfield>
    <subfield code="b">UAPCL</subfield>
    <subfield code="c">General Stacks</subfield>
    <subfield code="d">2020-11-18</subfield>
    <subfield code="l">17</subfield>
    <subfield code="m">12</subfield>
    <subfield code="o">541.3 BAH</subfield>
    <subfield code="p">3010020134</subfield>
    <subfield code="r">2025-07-28</subfield>
    <subfield code="s">2025-07-16</subfield>
    <subfield code="t">4</subfield>
    <subfield code="w">2020-11-18</subfield>
    <subfield code="y">BK</subfield>
  </datafield>
  <datafield tag="952" ind1=" " ind2=" ">
    <subfield code="0">0</subfield>
    <subfield code="1">0</subfield>
    <subfield code="2">ddc</subfield>
    <subfield code="4">0</subfield>
    <subfield code="7">0</subfield>
    <subfield code="a">UAPCL</subfield>
    <subfield code="b">UAPCL</subfield>
    <subfield code="c">General Stacks</subfield>
    <subfield code="d">2020-11-18</subfield>
    <subfield code="l">15</subfield>
    <subfield code="m">16</subfield>
    <subfield code="o">541.3 BAH</subfield>
    <subfield code="p">3010010271</subfield>
    <subfield code="r">2025-08-18</subfield>
    <subfield code="s">2025-07-22</subfield>
    <subfield code="t">5</subfield>
    <subfield code="w">2020-11-18</subfield>
    <subfield code="y">BK</subfield>
  </datafield>
  <datafield tag="952" ind1=" " ind2=" ">
    <subfield code="0">0</subfield>
    <subfield code="1">0</subfield>
    <subfield code="2">ddc</subfield>
    <subfield code="4">0</subfield>
    <subfield code="7">0</subfield>
    <subfield code="a">UAPCL</subfield>
    <subfield code="b">UAPCL</subfield>
    <subfield code="c">Reserve Stacks</subfield>
    <subfield code="d">2021-01-27</subfield>
    <subfield code="o">541.3 BAH</subfield>
    <subfield code="p">3010011430</subfield>
    <subfield code="r">2021-01-27</subfield>
    <subfield code="t">6</subfield>
    <subfield code="w">2021-01-27</subfield>
    <subfield code="y">BK</subfield>
  </datafield>
  <datafield tag="952" ind1=" " ind2=" ">
    <subfield code="0">0</subfield>
    <subfield code="1">0</subfield>
    <subfield code="2">ddc</subfield>
    <subfield code="4">0</subfield>
    <subfield code="7">0</subfield>
    <subfield code="a">UAPCL</subfield>
    <subfield code="b">UAPCL</subfield>
    <subfield code="c">Reserve Stacks</subfield>
    <subfield code="d">2021-01-27</subfield>
    <subfield code="l">8</subfield>
    <subfield code="m">7</subfield>
    <subfield code="o">541.3 BAH</subfield>
    <subfield code="p">3010020130</subfield>
    <subfield code="r">2026-02-02</subfield>
    <subfield code="s">2026-01-26</subfield>
    <subfield code="t">7</subfield>
    <subfield code="w">2021-01-27</subfield>
    <subfield code="y">BK</subfield>
  </datafield>
  <datafield tag="952" ind1=" " ind2=" ">
    <subfield code="0">0</subfield>
    <subfield code="1">0</subfield>
    <subfield code="2">ddc</subfield>
    <subfield code="4">0</subfield>
    <subfield code="7">0</subfield>
    <subfield code="a">UAPCL</subfield>
    <subfield code="b">UAPCL</subfield>
    <subfield code="c">General Stacks</subfield>
    <subfield code="d">2021-01-27</subfield>
    <subfield code="l">11</subfield>
    <subfield code="m">9</subfield>
    <subfield code="o">541.3 BAH</subfield>
    <subfield code="p">3010020133</subfield>
    <subfield code="r">2025-03-20</subfield>
    <subfield code="s">2025-02-04</subfield>
    <subfield code="t">8</subfield>
    <subfield code="w">2021-01-27</subfield>
    <subfield code="y">BK</subfield>
  </datafield>
</record>
